El Enlace Sindical (Record no. 99034)

MARC details
000 -LEADER
campo de control de longitud fija 00664nam a2200193 i 4500
001 - NÚMERO DE CONTROL
campo de control 99034
003 - IDENTIFICADOR DE NÚMERO DE CONTROL
campo de control ES-MaACL
005 - FECHA Y HORA DE LA ÚLTIMA TRANSACCIÓN
campo de control 20230906182426.0
007 - CAMPO FIJO DE DESCRIPCIÓN FÍSICA--INFORMACIÓN GENERAL
campo de control de longitud fija t|
008 - DATOS DE LONGITUD FIJA--INFORMACIÓN GENERAL
campo de control de longitud fija 051110s1957 sp ||||1| spa d
080 ## - NÚMERO DE LA CLASIFICACIÓN DECIMAL UNIVERSAL
Número de la Clasificación Decimal Universal 351.83:331.88(460)
245 03 - MENCIÓN DEL TÍTULO
Título El Enlace Sindical
Resto del título : nombramiento, función, garantías y desposesión de su cargo.
260 ## - PUBLICACIÓN, DISTRIBUCIÓN, ETC.
Lugar de publicación, distribución, etc. [Madrid :
Nombre del editor, distribuidor, etc. s.n.,
Fecha de publicación, distribución, etc. 1957] (
Fabricante Impr. Pueblo)
300 ## - DESCRIPCIÓN FÍSICA
Extensión 48 p. ;
Dimensiones 17 cm.
500 ## - NOTA GENERAL
Nota general Precede al tit.: Centro de Estudios Sindicales.
650 14 - PUNTO DE ACCESO ADICIONAL DE MATERIA--TÉRMINO DE MATERIA
Término de materia o nombre geográfico como elemento de entrada Representantes sindicales-
Subdivisión general Estatuto jurídico-
Subdivisión cronológica España.
9 (RLIN) 16852
710 2# - ENTRADA AGREGADA--NOMBRE DE ENTIDAD CORPORATIVA
Nombre de entidad corporativa o nombre de jurisdicción como elemento de entrada Centro de Estudios Sindicales.
9 (RLIN) 2669
852 ## - LOCALIZACIÓN
Ubicación ES-MaACL
Número de control de estantería 2003-F-14
Sublocalización o colección R.41443
Holdings
Estatus retirado Estado de pérdida Estado de daño No para préstamo Colección Biblioteca de origen Biblioteca actual Ubicación en estantería Fecha de adquisición Fuente de adquisición Total de préstamos Signatura topográfica completa Código de barras Visto por última vez Precio de reemplazo Tipo de ítem Koha
        Colección de folletos Biblioteca del Ateneo de Madrid Biblioteca del Ateneo de Madrid Depósito folletos 17/01/2008     2003-F-14 1103395 23/02/2023 23/02/2023 Folleto